000 01155namaa22003131i 4500
005 20260330121932.0
008 260208s1995 ua a|||frm||| 000 0 eng d
040 _aEG-GICUC
_beng
_cEG-GICUC
_dEG-GICUC
_erda
041 0 _aeng
_beng
_bara
049 _aDeposit
097 _aM.Sc
099 _aCai01.11.14.M.Sc.1995.Ye.C
100 0 _aYehie Abd E Aziz,
_epreparation.
245 1 0 _aCarotid artery Disease /
_cBy Yehie Abd E Aziz ; Supervisors Prof. Dr. Amir Imam Nassef, Prof. Dr. Ashraf Hedayeyt
246 1 5 _aأمراض الشريان السباتي
264 0 _c1995.
300 _a118 Leaves :
_billustrations
_c30 cm. +
336 _2rda content
_atext
337 _2rdamedia
_aUnmediated
338 _2rdacarrier
_avolume
502 _aThesis (M.Sc.)-Cairo University, 1995
504 _aBibliography: pages 111-118
653 0 _aCarotid artery Disease
700 0 _aAmir Imam Nassef
_ethesis advisor.
700 0 _aAshraf Hedayeyt
_ethesis advisor.
900 _DDepartment of General Surgery
_FFaculty of Medicine
_UCairo University
_b1995
_cAmir Imam Nassef
_cAshraf Hedayeyt
905 _aNehad
_eNourhan
942 _2ddc
_cTH
_e21
_n0
999 _c178249